Eyewitness China / (Record no. 706)

MARC details
000 -LEADER
fixed length control field 01185cam a2200301 a 4500
005 - DATE AND TIME OF LATEST TRANSACTION
control field 20260322212031.0
008 - FIXED-LENGTH DATA ELEMENTS--GENERAL INFORMATION
fixed length control field data
010 ## - LIBRARY OF CONGRESS CONTROL NUMBER
LC control number 2007298673
020 ## - INTERNATIONAL STANDARD BOOK NUMBER
International Standard Book Number 9780756629755 (lib. bdg.)
020 ## - INTERNATIONAL STANDARD BOOK NUMBER
International Standard Book Number 0756629756 (lib. bdg.)
040 ## - CATALOGING SOURCE
Original cataloging agency BKX
Transcribing agency BKX
Modifying agency DLC
-- BTCTA
-- BUR
-- EHH
-- DLC
042 ## - AUTHENTICATION CODE
Authentication code lccopycat
043 ## - GEOGRAPHIC AREA CODE
Geographic area code a-cc---
050 00 - LIBRARY OF CONGRESS CALL NUMBER
Classification number DS706
Item number .S383 2007
092 ## - LOCALLY ASSIGNED DEWEY CALL NUMBER (OCLC)
Classification number 915.1 Seb 2007
001 - CONTROL NUMBER
control field data
100 1# - MAIN ENTRY--PERSONAL NAME
Personal name Sebag-Montefiore, Poppy.
245 10 - TITLE STATEMENT
Title Eyewitness China /
Statement of responsibility, etc. Poppy Sebag-Montefiore.
260 ## - PUBLICATION, DISTRIBUTION, ETC.
Place of publication, distribution, etc. New York :
-- New York :
Name of publisher, distributor, etc. DK,
Date of publication, distribution, etc. c2007.
300 ## - PHYSICAL DESCRIPTION
Extent 72 p. :
Other physical details ill. (chiefly col.), col. maps ;
Dimensions 29 cm. +
Accompanying material 1 poster and 1 CD-ROM (4 3/4 in.)
440 #0 - SERIES STATEMENT/ADDED ENTRY--TITLE
Title DK eyewitness books
500 ## - GENERAL NOTE
General note Includes index.
520 ## - SUMMARY, ETC.
Summary, etc. Full-color illustrated photographs describe the history, culture, and people of China.
651 #0 - SUBJECT ADDED ENTRY--GEOGRAPHIC NAME
Geographic name China
Form subdivision Juvenile literature.
906 ## - LOCAL DATA ELEMENT F, LDF (RLIN)
a 7
b cbc
c copycat
d 2
e ncip
f 20
g y-gencatlg
925 0# -
-- acquire
-- 2 shelf copies
-- policy default
955 ## - COPY-LEVEL INFORMATION (RLIN)
-- yb08 2007-08-06 to BCCD
-- re13 2009-07-13 Copy 2 to BCCD
Holdings
Withdrawn status Lost status Damaged status Not for loan Home library Current library Shelving location Date acquired Total checkouts Full call number Barcode Date last seen Price effective from Koha item type
        Franklin Franklin General stacks 22/03/2026   DS706 .S383 2007 BC0010723 22/03/2026 22/03/2026 Books